<?xml version="1.0" encoding="UTF-8"?>
<marc:record xmlns:marc="http://www.loc.gov/MARC21/slim">
   <marc:leader>00000nam a2200000 a 4500</marc:leader>
   <marc:datafield ind1="0" ind2="0" tag="245">
      <marc:subfield code="a">Paw Patrol - Aqua Pups [Bildtonträger]</marc:subfield>
   </marc:datafield>
   <marc:datafield ind1=" " ind2="1" tag="264">
      <marc:subfield code="b">Paramount</marc:subfield>
      <marc:subfield code="c">2024</marc:subfield>
   </marc:datafield>
   <marc:datafield ind1="1" ind2=" " tag="520">
      <marc:subfield code="a">"PAW Patrol" kehrt in die magische Unterwasserstadt Wufflantis zurück!Als ein unglücklicher Meerfellfreund namens Moby versucht, Wufflantis an die Oberfläche zu bringen, liegt es an der "PAW Patrol" und Skyes Cousine Coral, ihn aufzuhalten und die Stadt zu retten. Als nächstes nehmen die Welpen an einem grossen Meer-Rennen teil und müssen die Stadt gegen die Tricks von Moby verteidigen. Als er den Wal-Patroller stiehlt, nehmen die Welpen die Verfolgung auf und bringen ihn mit der Hilfe von Meerestieren zurück.</marc:subfield>
   </marc:datafield>
   <marc:datafield ind1=" " ind2=" " tag="020">
      <marc:subfield code="a">5053083267773</marc:subfield>
      <marc:subfield code="9">5053083267773</marc:subfield>
   </marc:datafield>
   <marc:datafield ind1=" " ind2=" " tag="500">
      <marc:subfield code="a">Orig.: Kanada 2024. Sprache: Deutsch (Dolby Digital 2.0 Surround), Englisch (Dolby Digital 5.1 Surround), Niederländisch (Dolby Digital 2.0 Surround), Dänisch (Dolby Digital 2.0 Surround), Finnisch (Dolby Digital 2.0 Surround), Norwegisch (Dolby Digital 2</marc:subfield>
   </marc:datafield>
   <marc:datafield ind1="0" ind2=" " tag="490">
      <marc:subfield code="v">0</marc:subfield>
   </marc:datafield>
   <marc:datafield ind1=" " ind2=" " tag="300">
      <marc:subfield code="a">1 DVD (112 Min.) : farbig</marc:subfield>
   </marc:datafield>
</marc:record>
